000 00621nam a2200205Ii 4500
001 11429
003 CO-ViMGA
008 241108s9999||||xx |||||||||||||| ||und||
040 _aCO-ViMGA
_bspa
_erda
_cCO-ViMGA
041 0 _aspa
082 0 4 _a633.73 G216
100 1 _aEmilio García Gutiérrez
_946447
245 1 0 _aBases para el desarrollo tecnologico del Guaviare
264 1 _aBogotá, Colombia : Editorial Siglo XX, 1998
300 _avolumen
336 _atext
_btxt
_2rdacontent
337 _aunmediated
_bn
_2rdamedia
338 _avolume
_bnc
_2rdacarrier
940 _aidficha_siabuc: 11155. -- ficha_no_siabuc:11429
999 _c41013
_d41013